00434nam a22001577a 4500003000400000008004100004082001900045100004100064245002900105260007200134300001300206650001800219650001700237650000900254650001300263OSt241102b |||||||| |||| 00| 0 eng d a632.5806bD46A aDirectorate of Weed Science Research aAnnual Report, 2009 - 10 a.- Jabalpur (M. P.)b: Directorate of Weed Science Researchc, 2010 avii,99p. aAnnual Report aWeed Science aDWSR aJabalpur